Daňové výdavky pri obstarávaní motorového vozidla
Problematika daňových výdavkov pri obstarávaní motorového vozidla na podnikateľské účely a jeho obstaranie formou financovania. Povinnosti vyplývajúce z vyradenia vozidiel, napríklad pri predaji alebo v prípade nepredvídaných skutočností. Možnosti ako si zabezpečiť financovanie z iných zdrojov.
Gespeichert in:
| 1. Verfasser: | |
|---|---|
| Format: | Buchkapitel |
| Sprache: | Slowakisch |
| Schlagworte: | |
| Tags: |
Keine Tags, Fügen Sie das erste Tag hinzu!
|
MARC
| LEADER | 00000naa a2200000 4500 | ||
|---|---|---|---|
| 001 | 0260596 | ||
| 005 | 20250709102600.9 | ||
| 041 | 0 | |a slo | |
| 044 | |a SK | ||
| 245 | 1 | 0 | |a Daňové výdavky pri obstarávaní motorového vozidla |c Jana Böszörmenyi |
| 520 | |a Problematika daňových výdavkov pri obstarávaní motorového vozidla na podnikateľské účely a jeho obstaranie formou financovania. Povinnosti vyplývajúce z vyradenia vozidiel, napríklad pri predaji alebo v prípade nepredvídaných skutočností. Možnosti ako si zabezpečiť financovanie z iných zdrojov. | ||
| 610 | 2 | 0 | |a výdavky daňové |
| 610 | 2 | 0 | |a vozidlá motorové |
| 610 | 2 | 0 | |a podnikatelia |
| 610 | 2 | 0 | |a financovanie |
| 610 | 2 | 0 | |a predaj |
| 610 | 2 | 0 | |a obstarávanie |
| 100 | 1 | |a Böszörményi, Jana | |